Szczegóły MARC21

Tomasz z Akwinu /

003 -Nazwa inst., której nr kontr. jest w polu 001 [,]
    • @
    • Nazwa instytucji, której n kontrolny jest w polu 001
    • NUKAT
005 -DATA I CZAS OSTATNIEJ MODYFIKACJI [,]
    • @
    • pole kontrolne
    • 20251012084658.0
040 -Instytucja sporządzająca opis [ , ]
    • a
    • Instytucja, która sporządziła opis (NP)
    • LUBL U/GZ
    • b
    • Język katalogowania
    • pol
    • e
    • Zasady katalogowania
    • rda
    • c
    • Instytucja, która sporządziła rekord (NP)
    • LUBL U/GZ
    • d
    • Instytucja, która zmodyfikowała rekord (P)
    • LUBL U/bg
    • d
    • Instytucja, która zmodyfikowała rekord (P)
    • LUBL U/STs
    • d
    • Instytucja, która zmodyfikowała rekord (P)
    • WR U/PAdjm
    • d
    • Instytucja, która zmodyfikowała rekord (P)
    • KR 295/AJ
    • d
    • Instytucja, która zmodyfikowała rekord (P)
    • GD 27/LKs
    • d
    • Instytucja, która zmodyfikowała rekord (P)
    • OLSZT 008/AL
041 -Język dokumentu [1, ]
    • a
    • Język tekstu (P)
    • polski
    • h
    • Język tekstu oryginalnego i/lub pośredniego (P)
    • łaciński
942 -Rodzaj dokumentu [ , ]
    • c
    • Rodzaj dokumentu
    • Książka
245 -Strefa tytułu i oznaczenia odpowiedzialności [0,0]
    • a
    • Tytuł
    • Tomasz z Akwinu / Find
    • c
    • Pozostałe elementy strefy tytułu i oznaczenia odpowiedzialności (NP)
    • Józef Borgosz.
250 -Strefa wydania [ , ]
    • a
    • Oznaczenie wydania (NP)
    • Wydanie I.
260 -Strefa adresu wydawniczego [ , ]
    • a
    • Miejsce wydania (P)
    • Warszawa :
    • b
    • Nazwa wydawcy (P)
    • Wiedza Powszechna,
    • c
    • Data wydania (P)
    • 1962.
300 -Strefa opisu fizycznego [ , ]
    • a
    • Określenie formy książki i/lub objętość (NP)
    • 188, [4] strony :
    • b
    • Oznaczenie ilustracji (NP)
    • ilustracje, errata ;
    • c
    • Format (NP)
    • 19 cm.
336 -Typ zawartości [ , ]
    • a
    • Termin opisujący typ zawartości
    • Tekst
    • b
    • Kod określający zawartość
    • txt
    • 2
    • Źródło (terminu i kodu)
    • rdacontent
337 -Typ mediów [ , ]
    • a
    • Tryb odtwarzania
    • Bez urządzenia pośredniczącego
    • b
    • Kod typu mediów
    • n
    • 2
    • Źródło (terminu i kodu)
    • rdamedia
338 -Typ/rodzaj nośnika [ , ]
    • a
    • Hasło opisujące typ nośnika
    • Wolumin
    • b
    • Kod typu nośnika
    • nc
    • 2
    • Źródło (terminu i kodu)
    • rdacarrier
490 -Strefa serii i książki wielotomowej - forma nie do wyszukiwania [1, ]
    • a
    • Tytuł (P)
    • Myśli i Ludzie. 1, Filozofia Starożytna i Średniowieczna Find
830 -Hasło dodatkowe serii i opisu książki wielotomowej - tytuł ujednolicony/tytuł [ ,0]
    • a
    • Tytuł ujednolicony/tytuł (NP)
    • Myśli i Ludzie.
    • n
    • Oznaczenie części/podserii/sekcji (P)
    • 1,
    • p
    • Nazwa części/podserii/sekcji (P)
    • Filozofia Starożytna i Średniowieczna
    • 9
    • KHW
    • 17919
501 -Uwaga dot. prac współwydanych [ , ]
    • a
    • Uwaga dot. prac współwydanych
    • Zawiera również: Wybór pism / [tłumaczenie z języka łacińskiego] St. Świeżawskiego.
504 -Uwaga dot. bibliogr. załącznikowej [ , ]
    • a
    • Uwaga dot. bibliografii załącznikowej
    • Bibliografia na stronie 116.
080 -Uniwersalna Klasyfikacja Dziesiętna [ , ]
    • 2
    • Identyfikator wydania tablic
    • UDC-P058
    • a
    • Symbol klasyfikacji
    • 1A/Z
    • b
    • Dopowiedzenie
    • Poszczególni filozofowie.
    • 9
    • UKD
    • 2363
    • 4
    • UKD2
    • 8466
    • x
    • Poddział wspólny
    • (450)
    • c
    • Dopowiedzenie poddz. wspólnego
    • (Włochy).
    • 4
    • UKD2
    • 8815
    • x
    • Poddział wspólny
    • "12"
    • c
    • Dopowiedzenie poddz. wspólnego
    • Wiek XIII.
080 -Uniwersalna Klasyfikacja Dziesiętna [ , ]
    • 2
    • Identyfikator wydania tablic
    • UDC-P058
    • a
    • Symbol klasyfikacji
    • 141.4
    • b
    • Dopowiedzenie
    • Systemy odnoszące się do problemu istnienia Boga. Teizm. Politeizm. Monoteizm. Deizm. Panteizm. Ateizm.
    • 9
    • UKD
    • 2401
080 -Uniwersalna Klasyfikacja Dziesiętna [ , ]
    • 2
    • Identyfikator wydania tablic
    • UDC-P058
    • a
    • Symbol klasyfikacji
    • 272-36
    • b
    • Dopowiedzenie
    • Kościół rzymskokatolicki. - Święci.
    • 9
    • UKD
    • 41230
    • 4
    • UKD2
    • 8815
    • x
    • Poddział wspólny
    • "12"
    • c
    • Dopowiedzenie poddz. wspólnego
    • Wiek XIII.
    • 4
    • UKD2
    • 8466
    • x
    • Poddział wspólny
    • (450)
    • c
    • Dopowiedzenie poddz. wspólnego
    • (Włochy).
600 -Hasło przedmiotowe w formie nazwy osobowej [0,7]
    • a
    • Nazwa osobowa
    • Tomasz z Akwinu
    • c
    • Dopowiedzenie
    • (święty ;
    • d
    • Daty związane z nazwą
    • 1225-1274)
    • x
    • Określnik rzeczowy
    • krytyka i interpretacja.
    • 2
    • Źródło terminu
    • kaba
    • 9
    • KHW
    • 352111
980 -Symbol UKD [ , ]
    • a
    • UKD
    • 1:272-36] Tomasz z Akwinu(450)"12":141.4
700 -Hasło dodatkowe - nazwa osobowa [1,2]
    • a
    • Nazwa osobowa (NP)
    • Borgosz, Józef Find
    • d
    • Daty biograficzne (NP)
    • (1928-1997).
    • t
    • Tytuł ujednolicony/tytuł (NP)
    • Tomasz z Akwinu Find
    • l
    • Język tekstu (NP)
    • (pol.)
    • 9
    • KHW
    • 731998
700 -Hasło dodatkowe - nazwa osobowa [0,2]
    • a
    • Nazwa osobowa (NP)
    • Tomasz z Akwinu Find
    • c
    • Dopowiedzenie inne niż daty biograficzne (NP)
    • (święty ;
    • d
    • Daty biograficzne (NP)
    • 1225-1274).
    • t
    • Tytuł ujednolicony/tytuł (NP)
    • Wybór pism Find
    • 9
    • KHW
    • 349097
700 -Hasło dodatkowe - nazwa osobowa [1, ]
    • a
    • Nazwa osobowa (NP)
    • Swieżawski, Stefan Find
    • d
    • Daty biograficzne (NP)
    • (1907-2004).
    • e
    • Określenie rodzaju współpracy
    • Tłumaczenie
    • 9
    • KHW
    • 45941
710 -Hasło dodatkowe - nazwa ciała zbiorowego [2, ]
    • a
    • Nazwa ciała zbiorowego lub nazwa geograficzna jako pierwszy element (NP)
    • Państwowe Wydawnictwo Wiedza Powszechna.
    • e
    • Rodzaj współpracy
    • Wydawca
    • 4
    • Kod relacji
    • pbl
    • 9
    • KHW
    • 52062
Status udost. Uwagi nie widoczne w OPAC Sygnatura Numer inwentarzowy Data inwentaryzacji Obwoluta Lokalizacja
1  Q.30782019-09-131BM
1  H.149542006-07-05 BNS
1retrokonwersja ANS ANS.66447  BNS
1retrokonwersja ANS14/B78ANS.66448  BNS